000 00930nam a2200193 i 4500
001 155763
003 ES-MaACL
005 20250717090418.0
008 990311s1892 sp |||| | spa d
100 1 _aHuici, Francisco F.
_9128085
245 1 3 _aEl positivismo bio-sociológico
_b: discurso-memoria leído en la sesión inaugural de la Sección de Ciencias Exactas, Físico-Químicas y Naturales del Ateneo de Madrid para el curso de 1892-93 /
_cpor Francisco F. Huici, secretario primero de la misma.
260 _aMadrid :
_b[s.n.],
_c1892 (
_fImp. de E. Maroto y Hermano)
300 _a27 p. ;
_c24 cm.
610 2 4 _aAteneo de Madrid.
_bSección de Ciencias Exactas, Físicas y Naturales-
_vMemorias.
_91979
650 _aCiencia-
_xFilosofía.
_910950
650 7 _aPositivismo
_2embne
_916324
852 _aES-MaACL
_jT-685-F-9
_z- Enc. hol. conservando cub. original
_z- Enc. en un vol. facticio
999 _c155763
_d155763